Performance objectives manual (Training and technology transfer course)
Αποθηκεύτηκε σε:
| Κύριος συγγραφέας: | |
|---|---|
| Μορφή: | Βιβλίο |
| Γλώσσα: | Undetermined |
| Έκδοση: |
Philippines
IRRI
1990
|
| Θέματα: | |
| Ετικέτες: |
Προσθήκη ετικέτας
Δεν υπάρχουν, Καταχωρήστε ετικέτα πρώτοι!
|
| Thư viện lưu trữ: | Trung tâm Học liệu Trường Đại học Cần Thơ |
|---|
| LEADER | 00503nam a2200181Ia 4500 | ||
|---|---|---|---|
| 001 | CTU_30109 | ||
| 008 | 210402s9999 xx 000 0 und d | ||
| 082 | |a 630.715 | ||
| 082 | |b I71 | ||
| 100 | |a IRRI | ||
| 245 | 0 | |a Performance objectives manual (Training and technology transfer course) | |
| 245 | 0 | |c IRRI | |
| 260 | |a Philippines | ||
| 260 | |b IRRI | ||
| 260 | |c 1990 | ||
| 650 | |a agricultural extension work | ||
| 904 | |i Liên, 990302 | ||
| 980 | |a Trung tâm Học liệu Trường Đại học Cần Thơ | ||